MCU characters by image - L#2 - Statistics

General Stats
  • This quiz has been taken 22 times
  • The average score is 4 of 7
Answer Stats
Picture Answer % Correct
Logan
95%
Luke Cage
90%
Laufey
70%
Liz Allen
65%
Lylla
55%
Layla El-Faouly
35%
Leo Fitz
35%
No matching quizzes found
Score Distribution
Percent of People with Each Score
Percentile by Number Answered
Your Score History
You have not taken this quiz